000 00776cam a2200241 a 4500
001 13803283
005 20180216072416.0
008 041201s2006 at a b 001 0 eng
010 _a 2004117236
020 _a0324204841
040 _aDLC
_cDLC
_dDLC
041 _aeng
043 _an-us---
080 _a346.7307 MIL
082 0 0 _a346.7307
_222
100 1 _a14
101 _aJUR
245 1 0 _aBusiness law today :
_cRoger LeRoy Miller, Gaylord A. Jentz.
504 _aIncludes bibliographical references and index.
906 _a7
_bcbc
_corignew
_d2
_eepcn
_f20
_gy-gencatlg
942 _2ddc
_cBK
999 _c42799
_d42799